| 000 | 01350nam a22003617a 4500 | ||
|---|---|---|---|
| 001 | 768714001 | ||
| 003 | CO-MdFUSB | ||
| 005 | 20230224115635.0 | ||
| 008 | 230213t19741978-us||||f |||| 00| 0 eng d | ||
| 020 | _a0800610873 | ||
| 040 |
_aCO-MdFUSB _bspa _cCO-MdFUSB _dCO-MdFUSBC _erda |
||
| 041 | _aeng | ||
| 082 |
_223 _a220.66 _bOL44 |
||
| 100 |
_aKlein, Ralph W. _eautor |
||
| 245 | 1 | 0 |
_aTextual criticism of the Old Testament _b: the septuagint after Qumran _c/ Ralph W. Klein ; editado por Gene M. Tucker |
| 264 | 1 |
_aPhiladelphia, Pennsylvania : _bFortress Press, _c1978 |
|
| 264 | 4 | _c©1974 | |
| 300 |
_a84 páginas _c; 21 cm |
||
| 336 |
_2rdacontent _atexto _btxt |
||
| 337 |
_2rdamedia _asin mediación _bn |
||
| 338 |
_2rdacarrier _avolumen _bnc |
||
| 490 | _aGuides to Biblical Scholarship | ||
| 504 | _aBibliografía página 84 | ||
| 505 | _aI. De origen a origen. -- II. La LXX y los rollos. -- III. La LXX- sí hace la diferencia. -- IV. La evidencia griega y hebrea. -- V. Hacer crítica textual | ||
| 563 | _aRústico | ||
| 630 | 0 | 7 |
_aBiblia. _pAntiguo Testamento _xCrítica, interpretación, etc. |
| 630 | 0 | 0 |
_aRollos del Mar Muerto _xRelación con el Antiguo Testamento |
| 650 | 7 |
_9482 _aCrítica textual |
|
| 700 |
_97826 _aTucker, Gene M. _eeditor |
||
| 942 | _cREF | ||
| 945 | _aAF | ||
| 999 |
_c68404 _d68404 |
||